Cuando robar un banco / (Registro nro. 4198)

Detalles MARC
000 -LEADER
fixed length control field 01182nam a2200301Ia 4500
003 - CONTROL NUMBER IDENTIFIER
control field OSt
005 - DATE AND TIME OF LATEST TRANSACTION
control field 20200506100905.0
008 - FIXED-LENGTH DATA ELEMENTS--GENERAL INFORMATION
fixed length control field 191128s2016 ck gr 000 0dspa d
020 ## - INTERNATIONAL STANDARD BOOK NUMBER
International Standard Book Number 9789588951799
040 ## - CATALOGING SOURCE
Original cataloging agency CO-JMCR
Transcribing agency CO-JMCR
041 0# - LANGUAGE CODE
Language code of text/sound track or separate title spa
082 04 - DEWEY DECIMAL CLASSIFICATION NUMBER
Classification number 306.3 /
Item number L788c
100 1# - MAIN ENTRY--PERSONAL NAME
Personal name Levitt, Steven D.,
9 (RLIN) 3967
245 10 - TITLE STATEMENT
Title Cuando robar un banco /
Statement of responsibility, etc. Steven D. Levitt, Stephen J. Dubner ; José Labrador, traducción
250 ## - EDITION STATEMENT
Edition statement Primera edición
260 ## - PUBLICATION, DISTRIBUTION, ETC.
Place of publication, distribution, etc. Bogotá :
Name of publisher, distributor, etc. Ediciones B,
Date of publication, distribution, etc. 2016
300 ## - PHYSICAL DESCRIPTION
Extent 346 páginas ;
Dimensions 23 cm.
490 0# - SERIES STATEMENT
Series statement No ficción
500 ## - GENERAL NOTE
General note Incluye datos biográficos de los autores.
505 ## - FORMATTED CONTENTS NOTE
Formatted contents note ¿Qué tienen en común los blogs y el agua enbotellada? -- Solo intentámos ayudar -- Limberhand, el masturbador, y los peligros de Wayne -- ¡Viva la gasolina cara! -- Concurso -- Cómo temer lo que no es temible -- Pero ¿es bueno para el planeta?
534 ## - ORIGINAL VERSION NOTE
Introductory phrase When to rob a bank
650 14 - SUBJECT ADDED ENTRY--TOPICAL TERM
Topical term or geographic name entry element Economía
9 (RLIN) 3968
650 24 - SUBJECT ADDED ENTRY--TOPICAL TERM
Topical term or geographic name entry element Aspectos sociológicos Economía
9 (RLIN) 3969
650 24 - SUBJECT ADDED ENTRY--TOPICAL TERM
Topical term or geographic name entry element Aspectos psicológicos
9 (RLIN) 1594
700 1# - ADDED ENTRY--PERSONAL NAME
Personal name Stephen J. Dubner,
Relator term autor
9 (RLIN) 3970
700 1# - ADDED ENTRY--PERSONAL NAME
Personal name Labrador, José,
Relator term traductor
9 (RLIN) 3971
942 ## - ADDED ENTRY ELEMENTS (KOHA)
Source of classification or shelving scheme Dewey Decimal Classification
Koha item type Books
Existencias
Withdrawn status Lost status Source of classification or shelving scheme Materials specified (bound volume or other part) Damaged status Not for loan Home library Current library Shelving location Date acquired Source of acquisition Cost, normal purchase price Total Checkouts Full call number Barcode Date last seen Date last checked out Copy number Price effective from Koha item type
    Dewey Decimal Classification Donación--24/08/2018--     Biblioteca Pública José María del Castillo y Rada Biblioteca Pública José María del Castillo y Rada General Stacks 11/28/2019 Donación 0.00 3 306.3 / L788c 201809023 05/16/2024 03/13/2023 Ej.1 11/28/2019 Books